| 000 | 01048nam a2200289 i 4500 | ||
|---|---|---|---|
| 001 | 188876 | ||
| 003 | SpMaBN | ||
| 005 | 20250804161024.0 | ||
| 008 | 190219s1993 sp a |||| |dspa d | ||
| 020 | _a84-87319-96-3 | ||
| 080 | _a929.71(460.283)(091) | ||
| 100 | 1 |
_aLuz Lamarca, Rodrigo de. _974902 |
|
| 245 | 1 | 3 |
_aLa Orden de Santiago y Cuenca / _cRodrigo de Luz y Luis Carretero. |
| 260 |
_aCuenca : _bDiputación, Área de Cultura, _c[1993] |
||
| 300 |
_a230 p. : _bil. ; _c24 cm. |
||
| 490 | 1 |
_aHistoria ; _v10 |
|
| 504 | _aBibliografía: p. 223-230. | ||
| 610 | 2 | 7 |
_aOrden de Santiago- _zCuenca (Provincia) _9166391 |
| 700 | 1 |
_aCarretero, Luis. _935717 |
|
| 710 | 1 |
_aCuenca (Provincia). _bDiputación Provincial. _93346 |
|
| 830 | 0 |
_aHistoria ; _v10 _9177536 |
|
| 852 |
_aES-MaACL _jA-14377 _9196010 _bR.151707 _cDEPO1 _dOlim: N-7377 _hDonación: Pilar Fernandez Vera |
||
| 903 |
_aFernández Vera, Pilar, _d1961- _ednr _949420 |
||
| 942 |
_2udc _cMONOGRAFIA |
||
| 999 |
_c188876 _d188876 |
||